LEADER 01220nam0-22003491i-450- 001 990005545790403321 005 20071023111321.0 035 $a000554579 035 $aFED01000554579 035 $a(Aleph)000554579FED01 035 $a000554579 100 $a19990604d1960----km-y0itay50------ba 101 0 $afre 105 $ay-------001yy 200 1 $a<>population catalane de 1553 à 1717$el'immigration française et les autres facteurs de son développement$fJ. Nadal ; E. Giralt 210 $a[Paris]$cS.E.V.P.E.N. (Dijon, impr. Darantière)$d1960 215 $aXXIII, 354 p.$cill.$d25 cm 225 1 $aÉcole pratique des hautes études$h6e section$iCentre de recherches historiques. Démographie et sociétés$v4 676 $a304.60946 700 1$aNadal,$bJordi$f<1929- >$0214028 702 1$aGiralt,$bE. 801 0$aIT$bUNINA$gRICA$2UNIMARC 901 $aBK 912 $a990005545790403321 952 $a304.6 NAD 1$bST.MED.MOD. 1657$fFLFBC 952 $aSE 071.07.09-$bB026343$fDECSE 952 $aSE 067.04.14-1$bB027237$fDECSE 952 $aSE 067.04.14-2$bB027438$fDECSE 959 $aFLFBC 959 $aDECSE 996 $aPopulation catalane de 1553 à 1717$9611613 997 $aUNINA LEADER 01064nas 2200373- 450 001 9910139155203321 005 20241223110556.0 011 $a2162-3252 035 $a(DE-599)ZDB2687517-2 035 $a(OCoLC)740919793 035 $a(CKB)2560000000076135 035 $a(CONSER)--2011200250 035 $a(MiFhGG)58TO 035 $a(EXLCZ)992560000000076135 100 $a20110712a20129999 --- a 101 0 $aeng 135 $aur||||||||||| 181 $ctxt$2rdacontent 182 $cc$2rdamedia 183 $acr$2rdacarrier 200 10$aSpectrum $ea journal on black men 210 1$aBloomington, IN :$cIndiana University Press,$d[2012]- 311 08$a2162-3244 517 1 $aJournal on black men 606 $aAfrican American men$vPeriodicals 606 $aAfrican American men$2fast$3(OCoLC)fst00799236 608 $aPeriodicals.$2fast 615 0$aAfrican American men 615 7$aAfrican American men. 676 $a305.38896073 906 $aJOURNAL 912 $a9910139155203321 996 $aSpectrum$9894246 997 $aUNINA